अचरज भरी खोजें / (Record no. 67907)

MARC details
000 -LEADER
fixed length control field 00782 aa a2200229 4500
005 - DATE AND TIME OF LATEST TRANSACTION
control field 20120614115619.0
010 ## - LCCN (DPL NO)
LC control number
020 ## - INTERNATIONAL STANDARD BOOK NUMBER
Terms of availability 50.00
International Standard Book Number 8174653018x
035 ## - SYSTEM CONTROL NUMBER
System control number B-111254
037 ## - SOURCE OF ACQUISITION
Source of stock number/acquisition pub
082 ## - DEWEY DECIMAL CLASSIFICATION NUMBER
Classification number 608
100 ## - MAIN ENTRY--PERSONAL NAME
Personal name अंजलि शरण
245 ## - TITLE STATEMENT
Title अचरज भरी खोजें /
Statement of responsibility, etc अंजलि शरण
246 ## - VARYING FORM OF TITLE
Title proper/short title
Remainder of title
260 ## - PUBLICATION, DISTRIBUTION, ETC. (IMPRINT)
Place of publication, distribution, etc दिल्ली
Name of publisher, distributor, etc पांडुलिपि प्रकाशन
Date of publication, distribution, etc 2004
270 ## - ADDRESS
Address
City
Postal code
300 ## - PHYSICAL DESCRIPTION
Extent 56पृ
Dimensions 22 सेमी (सजिल्द)
Other physical details
490 ## - SERIES STATEMENT
Series statement
-- 49050
700 ## - ADDED ENTRY--PERSONAL NAME
Personal name
9 (RLIN) 49038
942 ## - ADDED ENTRY ELEMENTS (KOHA)
Institution code [OBSOLETE] dpl
Item type Hindi Books
Call number prefix
Source of classification or shelving scheme Dewey Decimal Classification
Classification part 608
Call number suffix अंजलि
Holdings
Withdrawn status Lost status Not for loan Collection code Home library Current library Date acquired Cost, normal purchase price Full call number Barcode Cost, replacement price Koha item type
      Non-fiction Sarojini Nagar Sarojini Nagar 14/06/2012 50.00 608 अंजलि B-111254 50.00 Hindi Books

© Delhi Public Library
Hit Counter
free hit counter